Những kiến thức văn hóa cần biết

Nội dung cuốn sách bao gồm các kiến thức nhỏ về các phương diện địa lí, địa danh, thắng cảnh; thiên văn, lịch pháp, thời lệnh; tiết khí; nghi lễ, tập tục, dân tộc; y tế, y dược; sinh vật, giao thông, quân sự, kinh tế, mậu dịch; các thươ...

وصف كامل

محفوظ في:
التفاصيل البيبلوغرافية
التنسيق: كتاب
اللغة:Undetermined
منشور في: Hà Nội Thanh niên 2008
الموضوعات:
الوسوم: إضافة وسم
لا توجد وسوم, كن أول من يضع وسما على هذه التسجيلة!
Thư viện lưu trữ: Trung tâm Học liệu Trường Đại học Cần Thơ
LEADER 01199nam a2200193Ia 4500
001 CTU_135397
008 210402s9999 xx 000 0 und d
020 |c 50000 
082 |a 001 
082 |b Nh556 
245 0 |a Những kiến thức văn hóa cần biết 
245 0 |c Lê Hà (Biên soạn) 
260 |a Hà Nội 
260 |b Thanh niên 
260 |c 2008 
520 |a Nội dung cuốn sách bao gồm các kiến thức nhỏ về các phương diện địa lí, địa danh, thắng cảnh; thiên văn, lịch pháp, thời lệnh; tiết khí; nghi lễ, tập tục, dân tộc; y tế, y dược; sinh vật, giao thông, quân sự, kinh tế, mậu dịch; các thương hiệu trứ danh, khoa học kỹ thuật, xuất bản, ngôn ngữ, văn học, giáo dục, tư tưởng, khảo cổ, thành ngữ, tục ngữ... Các kiến thức và sử liệu mang tính thường thức, khoa học và hấp dẫn. 
650 |a Kiến thức phổ thông,Knowledge 
904 |i Giang 
980 |a Trung tâm Học liệu Trường Đại học Cần Thơ